Statistics for Random Knowledge Quiz #7

Click here to take the quiz!

General Stats

  • This quiz has been taken 121 times
  • The average score is 12 of 19

Answer Stats

QuestionAnswer% Correct
What comes next after 2, 4, 8, 16, and 32?64
96%
According to a proverb, what does an apple a day keep away?The doctor
96%
Which country has the most amusement parks in the world?USA
91%
How many cupcakes are in a baker's dozen?13
89%
Name the Big 5 in Eurovision.France
83%
United Kingdom
82%
What multisport event involving athletes with a range of disabilities takes place after the Olympics?Paralympic Games
79%
Germany
78%
Italy
76%
Spain
69%
Which of the 7 Ancient Wonders of the World is still standing?The Great Pyramid of Giza
66%
What is the deadliest animal in the world?Mosquito
49%
Which athlete is known for celebrating his wins by doing the DAB?Usain Bolt
49%
Finish this quote: "May the odds be..."Ever in your favor
44%
What is both a flower and a famous duck?Daisy
37%
What is the only one of the New 7 Wonders of the World that is located in Europe?Colosseum
29%
And which has the oldest operating amusement park in the world?Denmark
24%
What fictional character is known as the King of the Elephants?Babar
21%
Which capital city's main airport is ICN?Seoul
11%

Score Distribution

Percentile by Number Answered

Percent of People with Each Score

Your Score History

You have not taken this quiz